Name all Tudor Monarchs (and important charachters) - Statistics

General Stats
  • This quiz has been taken 107 times
  • The average score is 13 of 17
Answer Stats
Hint Answer % Correct
The second wife Anne Boleyn
99%
First Tudor monarch Henry VII
99%
Second Tudor monarchfamous for having 6 wives Henry VIII
99%
Sixth and final Tudor monarchwas nicknamed "the virgin queen" as she didn't marry Elizabeth I
98%
The first wife Catherine of Aragon
94%
The fourth wife Anne of Cleaves
88%
The sixth wife Catherine Parr
88%
The third wife Jane Seymour
88%
Third Tudor monarch diedage 15 Edward VI
87%
The fifth wife Katherine Howard
86%
Fifth Tudor monarch was nicknamed bloody_____ Mary I
85%
Fourth Tudor Monarch ruled for nine days Lady Jane Grey
79%
Her husband and king of Spain Philip II
69%
His wife Elizabeth of York
67%
Her husband Guildford Dudley
26%
The person who set the fourthmonarch up for the throne and her father in law John Dudley
14%
Very important person throughout the Tudor reignHelped catch Guy Fawkes and served all from the second to the last Tudor monarch Robert Cecil
8%
No matching quizzes found
Score Distribution
Percent of People with Each Score
Percentile by Number Answered
Your Score History
You have not taken this quiz